Statistiques concernant Lignes RATP du métro parisien

Cliquez ici pour prendre le quiz!

Statistiques générales

  • Ce quiz a été pris 561 fois
    (233 depuis la dernière actualisation)
  • Le résultat moyen est 20 sur 32

Statistiques - réponses

LigneExtrémité% Correct
Ligne 1 (nord)La Défense
91%
Ligne 2 (sud)Nation
89%
Ligne 6 (sud-est)Nation
89%
Ligne 1 (sud)Château de Vincennes
80%
Ligne 6 (nord-ouest)Charles de Gaulle - Étoile
74%
Ligne 8 (ouest)Balard
72%
Ligne 8 (est)Créteil - Pointe du Lac
69%
Ligne 2 (nord)Porte Dauphine
69%
Ligne 7 (nord)Mairie d'Ivry/Villejuif - Louis Aragon
68%
Ligne 14 (sud-est)Olympiades
68%
Ligne 4 (nord)Porte de Clignancourt
68%
Ligne 13 (nord)St-Denis - Université / Les Courtilles
68%
Ligne 12 (nord)Aubervilliers - Front Populaire
66%
Ligne 5 (nord-est)Bobigny - Pablo Picasso
66%
Ligne 11 (ouest)Châtelet
66%
Ligne 4 (sud)Bagneux - Lucie Aubrac
65%
Ligne 14 (nord-ouest)Mairie de Saint-Ouen
64%
Ligne 3 (sud-est)Gallieni
63%
Ligne 9 (est)Mairie de Montreuil
60%
Ligne 5 (sud-ouest)Place d'Italie
60%
Ligne 13 (sud)Châtillon - Montrouge
59%
Ligne 10 (est)Gare d'Austerlitz
58%
Ligne 7 (nord)La Courneuve-8 Mai 1945
58%
Ligne 12 (sud)Mairie d'Issy
58%
Ligne 9 (ouest)Pont de Sèvres
56%
Ligne 10 (ouest)Boulogne - Pont de Saint-Cloud
55%
Ligne 3 (nord-ouest)Pont de Levallois - Bécon
54%
Ligne 11 (est)Mairie des Lilas
51%
Ligne 3bis (sud)Gambetta
49%
Ligne 3bis (nord)Porte des Lilas
46%
Ligne 7bis (ouest)Louis Blanc
36%
Ligne 7bis (est)Pré-Saint-Gervais
34%

Distribution des résultats

Percentile par nombre de réponses

% des personnes avec chaque résultat

Votre développement - résultats

Vous n’avez pas pris ce quiz depuis la dernière actualisation